| 000 | 01304cad a22002295a 4500 | ||
|---|---|---|---|
| 001 | L142679 | ||
| 008 | 080228s2008 xxk f 000 0 eng d | ||
| 035 | _a(Sirsi) u142679 | ||
| 041 | 0 | _aeng | |
| 050 | 0 | 4 | _a711.7 $2 18 |
| 110 | 2 |
_aNational Air Traffic Services _95513 |
|
| 245 | 0 | 0 |
_aTerminal control North _bairspace change proposal _h[electronic resource] |
| 260 |
_aLondon _bNATS _c2008 |
||
| 520 | _aMakes proposals aimed at entirely restructuring the organisation of airspace over South East England, known as Terminal Control North. The restructuring is a response to increasingly crowded skies. Aims to increase safety, and to mitigate delays and environmental impact wherever possible. Aims to include stakeholder groups including councils and authorities, environmental groups, parish councils, aviation user groups and the general public. Also aims to respond to the recent airport expansions and prepare for future plans. Responses are due by 22 May 2008. | ||
| 521 | 2 | _aAdvanced | |
| 590 | _aKA | ||
| 651 | 4 | _aSouth East (England) | |
| 690 | _aPROPERTY-INFRASTRUCTURE-AIR TRANSPORT INFRASTRUCTURE | ||
| 690 |
_aPlanning and development _96259 |
||
| 856 | 4 | 0 |
_uhttps://www.consultation.nats.co.uk/ _zView the consultation free of charge at www.consultation.nats.co.uk... |
| 942 | _n0 | ||
| 999 |
_c107934 _d107934 |
||